000 00297nam a22001337a 4500
008 260416b ||||| |||| 00| 0 eng d
020 _a9992751487
041 _aShqip
080 _a821.111
100 _a37
101 _aGjuhe dhe Leteresi
245 _aPoezi
_cAnglo -Saksone
942 _2udc
_cBK
999 _c60976
_d60976